[Event "TUR-chT 1st League"]
[Site "Konya"]
[Date "2017.07.22"]
[Round "8.11"]
[White "Yaylali, Adnan Dogan"]
[Black "Uysal, Utkan Alp"]
[Result "1-0"]
[WhiteElo "1935"]
[BlackElo "1736"]
[PlyCount "77"]
[EventDate "2017.07.17"]
[EventType "team-swiss"]
[EventRounds "9"]
[EventCountry "TUR"]
[SourceTitle "CBM 179 Extra"]
[Source "ChessBase"]
[SourceDate "2017.08.23"]
[SourceVersion "1"]
[SourceVersionDate "2017.08.23"]
[SourceQuality "1"]
[WhiteTeam "Antalya Olbia"]
[BlackTeam "Manisa Salihli Sardes"]
[WhiteTeamCountry "TUR"]
[BlackTeamCountry "TUR"]

1. d4 Nf6 2. c4 e5 3. dxe5 Ng4 4. Bf4 Nc6 5. Nf3 Bb4+ 6. Nc3 Qe7 7. Qd5 f6 8. exf6 Nxf6 9. Qd3 0-0 10. g3 d6 11. Bg2 Ne4 12. 0-0 Bxc3 13. bxc3 Nc5 14. Qd1 Be6 15. Nd4 Bd7 16. Qd2 Kh8 17. Nb3 Ne6 18. Be3 Ne5 19. Na5 Bc6 20. Nxc6 bxc6 21. Qc1 Nd8 22. c5 d5 23. Bd4 Nc4 24. e4 Qd7 25. exd5 cxd5 26. Qg5 c6 27. Bh3 Qf7 28. Rfe1 Qg6 29. Qxg6 hxg6 30. Re7 Rf7 31. Re8+ Kh7 32. Rae1 Nd2 33. Bg4 Ne4 34. Be6 Rb7 35. Bg8+ Kh6 36. c4 Ng5 37. Be3 d4 38. Bf4 Kh5 39. R1e5 1-0

[Event "TUR-chT 1st League"]
[Site "Konya"]
[Date "2017.07.21"]
[Round "7.12"]
[White "Uysal, Utkan Alp"]
[Black "Oztekin, Kerem Can"]
[Result "1/2-1/2"]
[WhiteElo "1736"]
[BlackElo "1970"]
[PlyCount "62"]
[EventDate "2017.07.17"]
[EventType "team-swiss"]
[EventRounds "9"]
[EventCountry "TUR"]
[SourceTitle "CBM 179 Extra"]
[Source "ChessBase"]
[SourceDate "2017.08.23"]
[SourceVersion "1"]
[SourceVersionDate "2017.08.23"]
[SourceQuality "1"]
[WhiteTeam "Manisa Salihli Sardes"]
[BlackTeam "Kocaeli Buyuksehir"]
[WhiteTeamCountry "TUR"]
[BlackTeamCountry "TUR"]

1. e4 c5 2. c3 g6 3. d4 cxd4 4. cxd4 d5 5. e5 Nc6 6. Nc3 Bg7 7. h3 f6 8. f4 Nh6 9. g4 0-0 10. Bg2 e6 11. exf6 Bxf6 12. Nf3 Bg7 13. 0-0 b5 14. Ne5 Bb7 15. a3 Qb6 16. Ne2 Rad8 17. Kh1 Nf7 18. Qd3 Nd6 19. Be3 Ne4 20. Kh2 Nd6 21. b3 Ba6 22. Rfc1 b4 23. Qd2 Na5 24. Rcb1 bxa3 25. Rxa3 Bxe2 26. Qxa5 Nb5 27. Ra2 Bxe5 28. fxe5 Bd3 29. Rc1 Rc8 30. Rxc8 Rxc8 31. Qxb6 axb6 1/2-1/2

[Event "TUR-chT 1st League"]
[Site "Konya"]
[Date "2017.07.18"]
[Round "3.6"]
[White "Karacan, Canberk"]
[Black "Uysal, Utkan Alp"]
[Result "1-0"]
[WhiteElo "2009"]
[BlackElo "1736"]
[PlyCount "79"]
[EventDate "2017.07.17"]
[EventType "team-swiss"]
[EventRounds "9"]
[EventCountry "TUR"]
[SourceTitle "CBM 179 Extra"]
[Source "ChessBase"]
[SourceDate "2017.08.23"]
[SourceVersion "1"]
[SourceVersionDate "2017.08.23"]
[SourceQuality "1"]
[WhiteTeam "Bursa Buyuksehir"]
[BlackTeam "Manisa Salihli Sardes"]
[WhiteTeamCountry "TUR"]
[BlackTeamCountry "TUR"]

1. e4 d6 2. d4 Nf6 3. Nc3 g6 4. f3 c6 5. Be3 Nbd7 6. Qd2 b5 7. g4 a5 8. g5 Nh5 9. f4 b4 10. Nce2 Nb6 11. Ng3 Nxg3 12. hxg3 d5 13. Bd3 Ba6 14. Nf3 Nc4 15. Bxc4 Bxc4 16. Ne5 Bb5 17. f5 Bg7 18. Qf2 f6 19. gxf6 Bxf6 20. fxg6 Bxe5 21. dxe5 Rf8 22. gxh7 Rxf2 23. h8Q+ Rf8 24. Qh5+ Kd7 25. 0-0-0 Kc7 26. exd5 cxd5 27. Qg6 Ra6 28. Qg5 Rg8 29. Qf4 Rf8 30. Qd4 Bc6 31. Qc5 Rf7 32. Rh6 Kb7 33. e6 Rg7 34. Bd4 Rg8 35. Rh7 Re8 36. Bf6 Qb6 37. Rxe7+ Rxe7 38. Qxe7+ Qc7 39. Qf7 Ba4 40. Be5 1-0

[Event "TUR-chT2"]
[Site "Konya"]
[Date "2015.07.28"]
[Round "5.4"]
[White "Uysal, Utkan Alp"]
[Black "Maden, Mirac Kerem"]
[Result "1-0"]
[WhiteElo "1756"]
[BlackElo "1733"]
[PlyCount "63"]
[EventDate "2015.07.25"]
[EventType "team-swiss"]
[EventRounds "9"]
[EventCountry "TUR"]
[SourceTitle "CBM 167 Extra"]
[Source "ChessBase"]
[SourceDate "2015.09.14"]
[SourceVersion "1"]
[SourceVersionDate "2015.09.14"]
[SourceQuality "1"]
[WhiteTeam "Manisa Salihli Sardes"]
[BlackTeam "Canakkale Gokceada"]
[WhiteTeamCountry "TUR"]
[BlackTeamCountry "TUR"]

1. e4 e5 2. Bc4 Nf6 3. Nc3 Nxe4 4. Qh5 Nd6 5. Bb3 Be7 6. Nf3 Nc6 7. Nxe5 Nxe5 8. Qxe5 0-0 9. Nd5 Re8 10. 0-0 Bf8 11. Qf4 c6 12. Nc3 g6 13. d3 Nf5 14. g4 d5 15. gxf5 Bd6 16. Qg5 f6 17. Qh4 Bxf5 18. Be3 Qc7 19. Bd4 Be5 20. Rfe1 Kg7 21. Bxe5 fxe5 22. Ne2 h6 23. Ng3 Be6 24. Re3 Rf8 25. Rae1 Rf4 26. Nh5+ gxh5 27. Qxh5 Rf5 28. Rg3+ Kf6 29. Qxh6+ Ke7 30. d4 e4 31. Rxe4 Rf6 32. Rg7+ 1-0

[Event "Troya op 21st"]
[Site "Canakkale"]
[Date "2013.08.21"]
[Round "6"]
[White "Gucin, Zafer"]
[Black "Uysal, Utkan Alp"]
[Result "1-0"]
[WhiteElo "2119"]
[BlackElo "1620"]
[PlyCount "87"]
[EventDate "2013.08.17"]
[EventType "swiss"]
[EventRounds "9"]
[EventCountry "TUR"]
[SourceTitle "CBM 156 Extra"]
[Source "ChessBase"]
[SourceDate "2013.10.22"]
[SourceVersion "1"]
[SourceVersionDate "2013.10.22"]
[SourceQuality "1"]

1. e4 c5 2. Nf3 d6 3. c3 Nf6 4. Be2 Bd7 5. d3 e6 6. 0-0 Be7 7. Re1 Bc6 8. Nbd2 0-0 9. Bf1 Nbd7 10. d4 cxd4 11. Nxd4 Qc7 12. Nxc6 Qxc6 13. g3 Nc5 14. Qe2 Rad8 15. Bg2 Qc7 16. c4 Qb6 17. Nf1 Nfd7 18. Be3 Bf6 19. Rab1 Qa6 20. b3 Bc3 21. Red1 e5 22. b4 Na4 23. b5 Qa5 24. Rxd6 Bb4 25. Bd2 Bxd2 26. Qxd2 Qxd2 27. Rxd2 Ndb6 28. Rc2 Rd4 29. Ne3 Rc8 30. Rbc1 Nc5 31. f4 Nd3 32. Rd1 Nb4 33. Rcd2 Nxc4 34. Nxc4 Rcxc4 35. fxe5 Rxd2 36. Rxd2 Rc1+ 37. Bf1 Kf8 38. a3 Rc2 39. Rd7 Na2 40. Rxb7 Nc3 41. Rxa7 Nxe4 42. Bd3 Rc1+ 43. Kg2 Nc5 44. Rc7 1-0

[Event "Troya op 21st"]
[Site "Canakkale"]
[Date "2013.08.18"]
[Round "3"]
[White "Uysal, Utkan Alp"]
[Black "Salepci, Osman Firat"]
[Result "1/2-1/2"]
[WhiteElo "1620"]
[BlackElo "2130"]
[PlyCount "79"]
[EventDate "2013.08.17"]
[EventType "swiss"]
[EventRounds "9"]
[EventCountry "TUR"]
[SourceTitle "CBM 156 Extra"]
[Source "ChessBase"]
[SourceDate "2013.10.22"]
[SourceVersion "1"]
[SourceVersionDate "2013.10.22"]
[SourceQuality "1"]

1. e4 c5 2. c3 Nf6 3. e5 Nd5 4. d4 cxd4 5. cxd4 e6 6. Nf3 Nc6 7. a3 d6 8. Bc4 Be7 9. 0-0 0-0 10. Re1 Bd7 11. Nbd2 Nb6 12. Bd3 d5 13. b4 Rc8 14. Nb3 Nc4 15. Qe2 b5 16. Nc5 a5 17. Bd2 Ra8 18. Reb1 a4 19. Bc1 Re8 20. Qc2 h6 21. Be3 f5 22. h3 Bxc5 23. bxc5 N6a5 24. Rb4 Rf8 25. g3 Be8 26. Nd2 Kh8 27. Qd1 g5 28. Qf3 Nxd2 29. Bxd2 Nc6 30. g4 Nxb4 31. Bxb4 Bc6 32. gxf5 exf5 33. Qe2 Qe8 34. e6 Rf6 35. Re1 Kg8 36. Qe5 Qe7 37. Qd6 Qb7 38. Qe5 Qe7 39. Qd6 Qb7 40. Qe5 1/2-1/2

[Event "World School-ch U13 6th"]
[Site "Kayseri"]
[Date "2010.07.21"]
[Round "1"]
[White "Vojdani, Siavosh"]
[Black "Uysal, Utkan Alp"]
[Result "1/2-1/2"]
[WhiteElo "1711"]
[BlackElo "1587"]
[PlyCount "118"]
[EventDate "2010.07.21"]
[EventType "swiss"]
[EventRounds "9"]
[EventCountry "TUR"]
[SourceTitle "CBM 137 Extra"]
[Source "ChessBase"]
[SourceDate "2010.09.01"]
[SourceVersion "1"]
[SourceVersionDate "2010.09.01"]
[SourceQuality "1"]

1. e4 g6 2. d4 Bg7 3. Nf3 c5 4. Nc3 cxd4 5. Nxd4 Nc6 6. Be3 Nf6 7. Be2 0-0 8. 0-0 d6 9. h3 Bd7 10. Nb3 a6 11. Qd2 Re8 12. Rad1 b5 13. a3 Bc8 14. f4 Qc7 15. Bf3 Bb7 16. g4 Na7 17. g5 Nd7 18. Bd4 Bxd4+ 19. Qxd4 Qb6 20. Qxb6 Nxb6 21. Na5 Bc8 22. Kg2 Rb8 23. Be2 Be6 24. f5 Bc4 25. Rd4 Bxe2 26. Nxe2 Rec8 27. Nc3 Nc6 28. Nxc6 Rxc6 29. Rf2 Rbc8 30. f6 e6 31. Kf1 Rd8 32. h4 Rc4 33. Rd3 Rc5 34. Rg2 Nc4 35. Nd1 a5 36. h5 Ne5 37. Rh3 d5 38. exd5 Rcxd5 39. Ne3 Rd2 40. Rxd2 Rxd2 41. Ke1 Rd4 42. h6 Kf8 43. Ke2 Ke8 44. c3 Re4 45. Rg3 Nc4 46. Kd3 Rxe3+ 47. Rxe3 Nxe3 48. Kxe3 Kd7 49. Kd4 Kd6 50. b3 a4 51. bxa4 bxa4 52. c4 Kc6 53. Ke4 Kb6 54. Kd4 Kc6 55. Ke4 Kc5 56. Kd3 e5 57. Ke4 Kxc4 58. Kxe5 Kc5 59. Ke4 Kc4 1/2-1/2

[Event "Antakya op"]
[Site "Antakya"]
[Date "2010.07.17"]
[Round "4"]
[White "Buyukasik, Diyap"]
[Black "Uysal, Utkan Alp"]
[Result "1-0"]
[WhiteElo "2034"]
[BlackElo "1587"]
[PlyCount "65"]
[EventDate "2010.07.15"]
[EventType "swiss"]
[EventRounds "9"]
[EventCountry "TUR"]
[SourceTitle "CBM 137 Extra"]
[Source "ChessBase"]
[SourceDate "2010.09.01"]
[SourceVersion "1"]
[SourceVersionDate "2010.09.01"]
[SourceQuality "1"]

1. d4 c5 2. d5 Nf6 3. c4 b5 4. Nf3 g6 5. Nfd2 b4 6. e4 d6 7. Be2 Bg7 8. 0-0 0-0 9. Qc2 e5 10. dxe6 fxe6 11. e5 Ne8 12. Bf3 d5 13. cxd5 exd5 14. Qxc5 Nc7 15. Qd6 Be6 16. Nb3 Nd7 17. Qxb4 Bxe5 18. Bg4 Bxh2+ 19. Kxh2 Qh4+ 20. Kg1 Qxg4 21. Qxg4 Bxg4 22. Nc3 Ne5 23. f3 Bxf3 24. gxf3 Nxf3+ 25. Kh1 d4 26. Ne2 Ne6 27. Ng1 Ne5 28. Bh6 Rxf1 29. Rxf1 Nd3 30. Ne2 Nxb2 31. Nexd4 Ng7 32. Na5 Rd8 33. Bxg7 1-0